A Game of Thrones POV Characters Quiz Stats

 Plays Quiz Updated May 16, 2018

Challenge
Share
Tweet
Embed
Score 0/9 Timer 03:00
7 Plays Today
# of Chapters Character % Correct
15Eddard Stark
95.6%
5Arya Stark
94.2%
9Jon Snow
93.3%
9Tyrion Lannister
90.8%
6Sansa Stark
90.4%
7Bran Stark
86.5%
11Catelyn Stark
85.6%
10Daenerys Targaryen
77.5%
1Will (Prologue)
22.6%

You're not logged in!

Compare scores with friends on all Sporcle quizzes.
OR
Log In

You Might Also Like...

Show Comments

Extras

Top Quizzes Today


Score Distribution

Your Account Isn't Verified!

In order to create a playlist on Sporcle, you need to verify the email address you used during registration. Go to your Sporcle Settings to finish the process.

Report this User

Report this user for behavior that violates our Community Guidelines.

Details: